| 000 | 01283nam a2200313 c 4500 | ||
|---|---|---|---|
| 999 |
_c188316 _d188316 |
||
| 003 | BLK | ||
| 005 | 20220519134130.0 | ||
| 008 | 180411b bul|||||r ||||||| ||bul|| | ||
| 010 | _aKNG00197334000 | ||
| 040 | _aBLK | ||
| 041 |
_aBUL _cBUL |
||
| 080 |
_aИстория на Втората световна война (1939-1945) _b94(100)"1939/1945" _z94(100)"1939/1945" |
||
| 080 |
_aНемска литература _b821.112.2 _x-31 _z821.112.2-31 |
||
| 100 | 1 |
_aФенелон, Фаниа _eпърви автор _9344554 |
|
| 139 |
_aФенелон, Фаниа _bФ 38 |
||
| 245 | 1 | 0 |
_aДевическият оркестър в Освиенцим _bДокум. роман _cФаниа Фенелон ; прев. от нем. Ивета Милева. |
| 257 | _aDEU | ||
| 260 |
_aСофия _bМузика _c1983 _fЯмбол : Г. Димитров |
||
| 300 |
_a339 с. _bс портр. _c20 см |
||
| 380 | _a9 | ||
| 500 | _aОриг. загл. Des Madchenorchester in Auschwitz / Fania Fenelon. - 20 109 тир. | ||
| 650 | 4 |
_aКонцентрационни лагери _9265874 |
|
| 700 | 1 |
_aМилева, Ивета _eпрев. от нем. _9368858 |
|
| 852 |
_aЦб 119824 _bЦб |
||
| 856 | 4 | _qpdf | |
| 856 | 4 | _qpdf | |
| 942 |
_cKNG _n0 _02 _s1 |
||
| 944 |
_aCR _c02.12.2016 _kКети_Илиева |
||
| 944 |
_aED _c2022-05-19 _kГГГ |
||